000 01027nam a2200325 a 4500
001 000112705
003 CHAP
005 20250322162306.0
008 161004s2010 mx a |r| |||||||spa d
010 _a109166
011 _a110138
020 _a9786071705082
040 _cCHAP
090 _aFolleto 8027 (2010)
100 0 0 _aKoeslag, Johan H.
_963613
245 1 0 _aBovinos de carne /
_c/por Johan H. Koeslag y F. Orozco Luna.
250 _a3 ed.
260 _aMéxico :
_bTrillas,
_c2010.
300 _a107 p. :
_bil.
490 1 _aManuales para educación agropecuaria. Producción animal
590 _aE6096MTM
_b05
_c20161004
_lUCH01
_h1420
590 _aE6096MTM
_b05
_c20161004
_lUCH01
_h1421
650 1 4 _aGanado de carne.
_945067
700 0 _aOrozco Luna, F.
_983683
710 0 _aMéxico. Dirección General de Educación Tecnológica Agropecuaria.
_976981
830 0 _aManuales para educación agropecuaria. Área producción animal (Trillas)
_970694
901 _aBK
942 _cFOLL
942 _n0
999 _c109166
_d109166